1887 1604 1734 1901 1582 1863 1866 1551 1233 1357 1661 1312 1985 1774 1486 1669 1929 1629 1251 1780 1388 1919 1915 1152 1239 2000 1497 1894 1292 1360 1434 1151 1302 1025 1310 1385 1447 1953 1775 1508 1615 1914 1820 1594 1475 1891 1983 1272 1823 1838 1102 1831 1528 1911 1889 1316 1928 1615 1036 1859 1163 1420 1791 1431 1991 1745 1492 1642 1359 1322 1973 1751 1868 1646 1575 1415 1253 1884 1528 1656 1582 1611 1978 1094 1806 1584 1054 1678 1701 1826 1829 1012 1075 1124 1209 1122 1181 1867 1986 BCNSPRNW ULIB Ver.6.0+V

เปลี่ยนเป็นภาษาไทย

Change to English
 แสดงรายละเอียดบรรณานุกรม
  กลับหน้าหลัก

Brief Record : Get Marc (ISO 2709) : E-mail record : QR code < ปิดหน้าต่าง
LEADER : 00000nam 2200000uu 4500
001    13399109620
003     ULIB
008    110407s2547||||th 000 0 tha d
020    9744220392
060 04 WY16^bก470 2547
110 1  กระทรวงสาธารณสุข. ^bกรมการแพทย์.^bสำนักการพยาบาล
245 00 การประกันคุณภาพการพยาบาลในโรงพยาบาล :^bแนวทางการประเมินคุณภาพภายใน /^cบรรณาธิการ, กฤษดา แสวงดี, อมรรัตน์ อนุวัฒน์ นนทเขตต์, ธีรพร สถิรอังกูร
246 30 แนวทางการประเมินคุณภาพภายใน
260    [นนทบุรี] :^bสำนักการพยาบาล กรมการแพทย์กระทรวงสาธารณสุข,^c2547
300    208 หน้า ;^c26 ซม.
650  7 คุณภาพการพยาบาล
650  7 พยาบาล, การบริการ
700 0  กฤษดา แสวงดี,^eบรรณาธิการ
700 0  อมรรัตน์ อนุวัฒน์นนทเขตต์,^eบรรณาธิการ
700 0  ธีรพร สถิรอังกูร,^eบรรณาธิการ
710 2  กระทรวงสาธารณสุข. ^bกรมการแพทย์.^bสำนักการพยาบาล
945    ^p0^l0^i016635
945    ^p0^l0^i016634
995    เกษร
999 ^a ใช้งานได้ทุกระบบ
รายการนี้ยังไม่มีแท็ก
คุณยังไม่ได้ล็อกอิน คุณสามารถมีกิจกรรมร่วมกับเว็บไซต์ได้ แต่ต้องล็อกอินก่อน ::
  ล็อกอิน

รายการสื่อสารสนเทศ

ลำดับที่ ประเภท เลขเรียก/บาร์โค้ด สถานที่ สถานะ
- ไม่พบข้อมูล -

รายการใกล้เคียง
    หัวเรื่อง [คุณภาพการพยาบาล]
    หัวเรื่อง [พยาบาล, การบริการ]

BibComment


ยังไม่เคยถูกคอมเมนท์

คอมเมนท์ทรัพยากรรายการนี้
  คอมเมนท์: การประกันคุณภาพกา..


 Copyright 2026. Bcnsprnw @Library